| 000 | 00877cam a22002171i 4500 | ||
|---|---|---|---|
| 003 | SA-RiAUC | ||
| 005 | 20251109083625.0 | ||
| 008 | 251019s2007 ua g 00010 ara c | ||
| 040 |
_aSA-JeALM _bara _cSA-RiAUC. _erda |
||
| 082 | 0 | 4 | _a214.303625 |
| 090 |
_a214.303625 _bا ب ن ب |
||
| 100 | 1 |
_aابن بيه، عبد الله بن الشيخ المحفوظ، _d1935- _eمؤلف. |
|
| 245 | 1 | 2 |
_aالإرهاب : _bالتشخيص والحلول / _cعبد الله بن الشيخ المحفوظ بن بيه. |
| 264 | 1 |
_a[مكان النشر غير محدد] : _b[الناشر غير محدد]، _c[بين 1900 و1999] |
|
| 300 |
_a136 صفحة _c20 سم. |
||
| 336 |
_aنص _btxt _2rdacontent _3كتاب |
||
| 337 |
_aبدون وسيط _bn _2rdamedia |
||
| 650 | 7 |
_aالإسلام والإرهاب _2aucsh |
|
| 942 |
_2ddc _cBOOK _n0 |
||
| 949 |
_aSA-JeALM _d251019 _uosman123 _n1 |
||
| 999 |
_c13090 _d13090 |
||